Investigando las maras y pandillas en Centroamérica: reflexiones metodológicas /
Guardat en:
| Autor principal: | |
|---|---|
| Altres autors: | |
| Format: | Text |
| Matèries: | |
| Etiquetes: |
Afegir etiqueta
Sense etiquetes, Sigues el primer a etiquetar aquest registre!
|
MARC
| LEADER | 00000 a a2200000 04500 | ||
|---|---|---|---|
| 001 | 8627 | ||
| 003 | |||
| 040 | |||
| 100 | |a Bellanger, Wendy | ||
| 245 | |a Investigando las maras y pandillas en Centroamérica: |b reflexiones metodológicas / |c Wendy Bellanger | ||
| 650 | |a PROBLEMAS SOCIALES | ||
| 650 | |a VIOLENCIA | ||
| 650 | |a INVESTIGACION | ||
| 650 | |a METODOLOGIA | ||
| 650 | |a AMERICA CENTRAL | ||
| 700 | |a Rocha, José Luis | ||
| 773 | |g volumen 8, número 32; páginas 137-152 | ||
| 999 | |c 25472 |d 25472 | ||
